MESTSKÁ KNIŽNICA GIRALTOVCE  - online katalóg 

Úděl svobody (Record no. 23933)

000 -NÁVESTIE
fixed length control field 00671nam a2200229 a 4500
001 - EVIDENČNÉ ČÍSLO ZÁZNAMU - Kontrolné číslo
control field vtls008468858
005 - DÁTUM A ČAS POSLEDNEJ TRANSAKCIE
control field 20250926101018.0
008 - ÚDAJE S PEVNOU DĹŽKOU – VŠEOBECNÉ INFORMÁCIE
fixed length control field 000507e1995 xr g cze c
020 ## - MEDZINÁRODNÉ ŠTANDARDNÉ ČÍSLO KNIHY (ISBN)
Medzinárodné štandardné číslo knihy (ISBN) 8020005145
Údaje o dostupnosti [119.00 SK]
035 ## - Iný štandardný identifikátor
Iný štandardný identifikátor SAVUKc043519
040 ## - ZDROJ KATALOGIZÁCIE
Pôvodná katalogizujúca agentúra SAVUK
Jazyk katalogizácie slo
Prepisujúca agentúra SNK
Konvencie popisu AACR2
041 1# - KÓD JAZYKA
Kód jazyka textu/zvukovej stopy alebo samostatných nápisov cze
044 ## - KÓD KRAJINY VYDAVATEĽA/PRODUCENTA
Kód krajiny MARC xr
Kód krajiny ISO CZ
080 ## - ČÍSLO MEDZINÁRODNÉHO DESATINNÉHO TRIEDENIA (MDT)
Číslo Medzinárodného desatinného triedenia (MDT) 885.0-5
100 1# - OSOBNÉ MENÁ – VŠEOBECNÉ INFORMÁCIE
Osobné meno Peroutka, Ferdinand,
Dátumy súvisiace s menom 1895-1978
-- 4850
242 10 - TRANSLATION OF TITLE BY CATALOGING AGENCY
Title Údel slobody
Language code of translated title cze
242 10 - TRANSLATION OF TITLE BY CATALOGING AGENCY
Title Výber z rozhlasových prejavov 1951-1977
Language code of translated title cze
245 10 - NÁZOV
Názov Úděl svobody
Zvyšok názvu Výbor z rozhlasových projevů 1951-1977
Údaj o zodpovednosti atď. Ferdinand Peroutka
250 ## - ÚDAJ O PORADÍ VYDANIA
Údaj o poradí vydania 1. vyd.
260 ## - VYDAVATEĽSKÉ ÚDAJE, DISTRIBÚCIA ATĎ.
Miesto publikovania, distribúcie atď. Praha
Názov vydavateľa, distibútora atď. Academia
Dátum publikovania, distribúcie atď. 1995
300 ## - FYZICKÝ POPIS
Rozsah 131 s.
Holdings
Stav stiahnutia (Blokovanie) (Withrawn status) Stav straty Zdroj klasifikácie pre skladovanie Stav poškodenia (Damaged status) Nie pre výpožičky (Not for loan) Spôsob nadobudnutia (Collection code) Trvalé umiestnenie Aktuálne umiestnenie Dátum nadobudnutia Inventárne číslo (prírastkové číslo) Full call number Čiarový kód Dátum posledného výskytu Cena s účinnosťou od Typ jednotky Koha
          Dar Mestská knižnica Giraltovce Mestská knižnica Giraltovce 2025-09-26 22289 S1587 S1587 2025-09-26 2025-09-26 Odborná literatúra pre dospelých

Powered by Koha